Hướng dẫn thực hiện nội dung bảo vệ môi trường trong trường mầm non
Guardat en:
| Autor principal: | |
|---|---|
| Altres autors: | |
| Format: | Llibre |
| Idioma: | Undetermined |
| Publicat: |
H.
Giáo dục
2008
|
| Matèries: | |
| Accés en línia: | http://lrc.tdmu.edu.vn/opac/search/detail.asp?aID=2&ID=4281 |
| Etiquetes: |
Afegir etiqueta
Sense etiquetes, Sigues el primer a etiquetar aquest registre!
|
| Thư viện lưu trữ: | Trung tâm Học liệu Trường Đại học Thủ Dầu Một |
|---|
| LEADER | 00740nam a2200205Ia 4500 | ||
|---|---|---|---|
| 001 | TDMU_4281 | ||
| 008 | 210410s9999 xx 000 0 und d | ||
| 082 | |a 372.2135 | ||
| 090 | |b H407 | ||
| 100 | |a Hoàng, Thị Thu Hương | ||
| 245 | 0 | |a Hướng dẫn thực hiện nội dung bảo vệ môi trường trong trường mầm non | |
| 245 | 0 | |c Hoàng Thị Thu Hương | |
| 260 | |a H. | ||
| 260 | |b Giáo dục | ||
| 260 | |c 2008 | ||
| 300 | |a 75tr. | ||
| 650 | |a Giáo dục mầm non |x Bảo vệ môi trường | ||
| 700 | |a Trần, Thị Thu Hòa | ||
| 856 | |u http://lrc.tdmu.edu.vn/opac/search/detail.asp?aID=2&ID=4281 | ||
| 980 | |a Trung tâm Học liệu Trường Đại học Thủ Dầu Một | ||